The history of the Gold Coast and Asante : (Record no. 28211)
[ view plain ]
| 000 -LEADER | |
|---|---|
| fixed length control field | 00916cam a22002531 4500 |
| 001 - CONTROL NUMBER | |
| control field | 28211 |
| 003 - CONTROL NUMBER IDENTIFIER | |
| rucl marc code | BD-RjUL |
| 005 - DATE AND TIME OF LATEST TRANSACTION | |
| control field | 20211209051243.0 |
| 008 - FIXED-LENGTH DATA ELEMENTS--GENERAL INFORMATION | |
| fixed length control field | 140329s1966 gh abc 000 0 eng |
| 035 ## - SYSTEM CONTROL NUMBER | |
| System control number | (BD-RjUL)28292 |
| 040 ## - CATALOGING SOURCE | |
| Original cataloging agency | DLC |
| Transcribing agency | DLC |
| Modifying agency | DLC |
| -- | BD-RjUL |
| Language of cataloging | eng |
| 041 ## - LANGUAGE CODE | |
| Language code of text/sound track or separate title | eng |
| 082 00 - DEWEY DECIMAL CLASSIFICATION NUMBER | |
| Classification number | 966.7 |
| Author mark and year | REH 1966 |
| 100 1# - MAIN ENTRY--PERSONAL NAME | |
| Personal name | Reindorf, Carl Christian. |
| 9 (RLIN) | 86393 |
| 245 14 - TITLE STATEMENT | |
| Title | The history of the Gold Coast and Asante : |
| Remainder of title | based on traditions and historical facts comprising a period of more than three centuries from about 1500 to 1860 / |
| Statement of responsibility, etc. | With a biographical sketch by C. E. Reindorf. |
| 250 ## - EDITION STATEMENT | |
| Edition statement | [2d ed.] |
| 260 ## - PUBLICATION, DISTRIBUTION, ETC. (IMPRINT) | |
| Place of publication, distribution, etc. | Accra : |
| Name of publisher, distributor, etc. | Ghana Universities Press, |
| Date of publication, distribution, etc. | c1966. |
| 300 ## - PHYSICAL DESCRIPTION | |
| Pagination | xvi, 349 p. : |
| Illustrations | illus., geneal. tables, map (on lining papers), ports. ; |
| Size | 21 cm. |
| 650 #0 - SUBJECT ADDED ENTRY--TOPICAL TERM | |
| Topical term or geographic name as entry element | Missions |
| Geographic subdivision | Ghana. |
| 9 (RLIN) | 86394 |
| 651 #0 - SUBJECT ADDED ENTRY--GEOGRAPHIC NAME | |
| Geographic name | Ghana |
| General subdivision | History. |
| 9 (RLIN) | 86395 |
| 942 ## - ADDED ENTRY ELEMENTS (KOHA) | |
| Source of classification or shelving scheme | Dewey Decimal Classification |
| Koha item type | Books |
| Lost status | Source of classification or shelving scheme | Damaged status | Not for loan | Collection code | Permanent Location | Current Location | Shelving location | Date acquired | Source of acquisition | Cost, normal purchase price | Total Checkouts | Full call number | Date last seen | Copy number | Koha item type |
|---|---|---|---|---|---|---|---|---|---|---|---|---|---|---|---|
| Dewey Decimal Classification | Added to bundle | Non-fiction | Central Library, University of Rajshahi | Central Library, University of Rajshahi | Reading Room | 28/11/1968 | Zeitlinger | 70.00 | 966.7 REH 1966 | 29/03/2014 | C-1 | Books |